| 000 | 00800cam a2200229 i 4500 | ||
|---|---|---|---|
| 003 | SA-RiAUC | ||
| 005 | 20250311130509.0 | ||
| 008 | 250309s1973 ua g 000 0 ara c | ||
| 040 |
_aQA-DoQUL _bara _cSA-RiAUC _erda |
||
| 082 | 0 | 4 | _a303.66 |
| 090 |
_a303.66 _bم ن ص |
||
| 100 | 1 |
_aمنصور، محمد عبد العزيز _eمؤلف. |
|
| 245 | 1 | 0 |
_aفي عالم الحرب / _cمحمد عبد العزيز منصور. |
| 264 | 1 |
_aالقاهرة : _bدار الاعتصام، _c1973 |
|
| 300 |
_a150 صفحة ؛ _c20 سم |
||
| 336 |
_aنص _btxt _2rdacontent _3كتاب |
||
| 337 |
_aبدون وسيط _bn _2rdamedia |
||
| 338 |
_aمجلد _bnc _2rdacarrier |
||
| 650 | 7 |
_aالحرب _xمظاهر اجتماعية _2aucsh |
|
| 942 |
_2ddc _cBOOK _n0 |
||
| 949 |
_aSA-JeALM _d250309 _umohamedma123 _n1 |
||
| 999 |
_c6368 _d6368 |
||